000 00591nam a22002177a 4500
003 OSt
005 20140310182010.0
008 130730t xxu||||| |||| 00| 0 eng d
020 _a0734404719
050 _aPZ 7
_b.J76 2003
082 _aKF
_bJ71l 2003
100 _aJones, Carol
_95866
245 _aThe losers' club /
_cCarol Jones
260 _aSouth Melbourne :
_bLothian Books,
_cc2003.
300 _a238 p.
_c20 cm.
541 _j1
562 _e1
650 _aTeenage girls
_xFiction
_95867
650 _aFugitive from justice
_xFiction
_95868
942 _2lcc
_cBK-KF
_kKF
999 _c8122
_d8122